000 00959nam a2200241Ia 4500
999 _c38480
_d38480
001 4493
003 GE_BSU
005 20191021105808.0
008 181216s2012||||ge |||||||||||||| ||geo||
020 _a9489941021473
040 _cGE_BSU
041 _ageo
080 _a796(479.223) ჯ–50
100 _aჯიოშვილი, ლევან
_94869
245 _aსპორტი აჭარაში :
_bფოტოალბომი /
_cპროექტის ავტორი და მთ. რედ. ლევან ჯიოშვილი.
264 _aთბილისი :
_bალიონი,
_c2010.
300 _a492 გვ.:
_bილ.;
_c30 სმ.
504 _a ბიბლიოგრ.: გვ. 493.
653 _aსპორტი აჭარაში
653 _aფოტოალბომები
700 _aჯიოშვილი, ლევან
_eრედაქტორი
_94869
942 _cBK
_2udc